Pic microcontroller and embedded systems,using assembly and c for pic 18 (Record no. 567237)

000 -LEADER
fixed length control field 00575nam a22001817a 4500
003 - CONTROL NUMBER IDENTIFIER
control field CEME
005 - DATE AND TIME OF LATEST TRANSACTION
control field 20210628201816.0
008 - FIXED-LENGTH DATA ELEMENTS--GENERAL INFORMATION
fixed length control field 210106b xxu||||| |||| 00| 0 eng d
020 ## - INTERNATIONAL STANDARD BOOK NUMBER
International Standard Book Number 9788131716755
040 ## - CATALOGING SOURCE
Transcribing agency .
082 ## - DEWEY DECIMAL CLASSIFICATION NUMBER
Classification number 629.895 MAZ
100 ## - MAIN ENTRY--PERSONAL NAME
Personal name Muhammad Ali Mazidi, Mckinlay, Rolin D, Causey, Danny
9 (RLIN) 56916
245 ## - TITLE STATEMENT
Title Pic microcontroller and embedded systems,using assembly and c for pic 18
260 ## - PUBLICATION, DISTRIBUTION, ETC.
Place of publication, distribution, etc. INDIA
Name of publisher, distributor, etc. PEARSON EDUCATION
Date of publication, distribution, etc. 2008
300 ## - PHYSICAL DESCRIPTION
Extent XVII,782P
650 ## - SUBJECT ADDED ENTRY--TOPICAL TERM
Topical term or geographic name entry element 2- PROGRAMABLE CONTROLLERS 3- EMBEDDED COMPUTER SYSTEMS
9 (RLIN) 56917
942 ## - ADDED ENTRY ELEMENTS (KOHA)
Koha item type Book
Source of classification or shelving scheme
Holdings
Withdrawn status Lost status Damaged status Not for loan Permanent Location Current Location Shelving location Date acquired Total Checkouts Full call number Barcode Checked out Date last seen Date last checked out Price effective from Koha item type Total Renewals
        College of Electrical & Mechanical Engineering (CEME) College of Electrical & Mechanical Engineering (CEME) General Stacks 03/13/2017 1 629.895 MAZ CEME-47403 03/06/2026 02/04/2026 02/04/2026 06/28/2021 Book  
        College of Electrical & Mechanical Engineering (CEME) College of Electrical & Mechanical Engineering (CEME) General Stacks 03/13/2017 1 629.895 MAZ CEME-47404 03/06/2026 02/04/2026 02/04/2026 06/28/2021 Book  
        College of Electrical & Mechanical Engineering (CEME) College of Electrical & Mechanical Engineering (CEME) General Stacks 03/13/2017   629.895 MAZ CEME-47405   06/28/2021   06/28/2021 Book  
        College of Electrical & Mechanical Engineering (CEME) College of Electrical & Mechanical Engineering (CEME) General Stacks 03/13/2017 1 629.895 MAZ CEME-47406 02/18/2026 01/19/2026 01/19/2026 06/28/2021 Book  
        College of Electrical & Mechanical Engineering (CEME) College of Electrical & Mechanical Engineering (CEME) General Stacks 03/13/2017 1 629.895 MAZ CEME-47407 02/04/2026 11/17/2025 11/17/2025 06/28/2021 Book 1
        College of Electrical & Mechanical Engineering (CEME) College of Electrical & Mechanical Engineering (CEME) General Stacks 03/13/2017 2 629.895 MAZ CEME-45937 02/12/2026 01/13/2026 01/13/2026 06/28/2021 Book  
© 2023 Central Library, National University of Sciences and Technology. All Rights Reserved.